000 00700nab a2200241 a 4500
001 65149
003 137881
005 20201118110217.0
008 ||||||n9999 ||| || ||
041 _aspa
100 _aTorre Espinosa, Carlos de la
245 0 _aLas imagenes contradictorias de Abdala :
_bdiscursos y culturas politicas en las elecciones de 1992
260 _aEcuador :
_bCentro Andino de Accion Popular,
_c1994.
300 _app.54-64
562 _e0
650 _aANALISIS CULTURAL
650 _aCAMPAÑAS POLÍTICAS
650 _aDEMOCRACIA
650 _aESTRATEGIA POLITICA
650 _aPROCESO ELECTORAL
773 _061488
_aEcuador debates - No.32
942 _cSART
999 _c65149
_d65149